000 00413nam a2200145Ia 4500
041 _aArabic
082 _a342,156 cut-928 ع
100 _a20260118u\\\\\\\\\\\y0engy0103\\\\ba
100 _aئاوات عەبدولڵا
245 0 _aحزب ودەسەڵات گەنج وبەشدارى سیاسى
250 _aط1
260 _bچاپخانەیى رەنج
_aسلێمانى
_c2005
300 _a90
942 _cBk
999 _c187967
_d187967